000 00477nam a2200193Ia 4500
005 20250603145024.0
008 250603s9999 xx 000 0 und d
020 _a9780071270663
050 _aQP 34.5 .R48/
100 _aEdited by Kim Barrett...[et al.]
245 0 _aGanong’s review of medical phsiology
250 _a23rd ed.
260 _a New York
260 _b McGraw-Hill Medical
260 _c2010
300 _a714 p
650 _a New York
942 _cBK
999 _c40638
_d40638